Réplique Harry Potter #4 - Statistiques

Statistiques générales
  • Ce quiz a été pris 456 fois
  • Le résultat moyen est 8 sur 13
Statistiques - réponses
Hint Réplique Réponse % Correct
1 J'ai tué Sirius Black !! Bellatrix Lestrange
99%
2 Ça ne vous arrive donc jamais de lire ? Hermione Granger
96%
7 Fais le toi puisque tu es si intelligente, va y ! Ron Weasley
94%
12 Mon nom te fait rire, inutile de te demander le tient. Drago Malefoy
87%
9 Mon RonRon Lavande Brown
86%
10 Harry si tu meurs je serai ravie de partager mes toilettes avec toi. Mimi Geignarde
77%
8 Papa si je me retrouve à Serpentard ? Albus Severus Potter
73%
4 Il est vil et cruel et toi tu es pathétique. Harry Potter
71%
5 Ensemble elles font de vous le maître de la mort. Xenophilius Loevegood
65%
3 C'est un cadeau du père de Drago. Marcus Flint
41%
11 Qu'est ce que tu fais par terre ? Stan Rocade
23%
6 Comment avez vous fait pour la tuer ? Horace Slughorn
17%
13 Pas d'exceptions Potter ! Filius Flitwick
16%
Aucun quiz correspondant
Distribution des résultats
% des personnes avec chaque résultat
Percentile par nombre de réponses
Votre historique - résultats
Vous n’avez pas pris ce quiz